Statistics for Eppley Airfield Destinations (Omaha, NE, USA)

Click here to take the quiz!

General Stats

  • This quiz has been taken 14 times
    (4 since last reset)
  • The average score is 27 of 32

Answer Stats

AirlineDestination% Correct
Southwest AirlinesChicago (Midway)
100%
American Airlines/American Eagle/United Airlines/United ExpressChicago (O'Hare)
100%
American Airlines/American Eagle/Frontier AirlinesDallas/Fort Worth
100%
Southwest AirlinesDallas (Love)
100%
Frontier Airlines/Southwest Airlines/United Airlines/United ExpressDenver
100%
Delta ConnectionDetroit
100%
Southwest AirlinesHouston (Hobby)
100%
United Airlines/United ExpressHouston (Intercontinental)
100%
American Airlines/American EagleMiami
100%
Delta Air Lines/Delta Connection/Sun Country AirlinesMinneapolis/St. Paul
100%
American Eagle/Delta ConnectionNew York (LaGuardia)
100%
Frontier Airlines/Southwest AirlinesOrlando
100%
Allegiant AirOrlando/Sanford
100%
Allegiant AirPhoenix/Mesa
100%
American Airlines/Southwest AirlinesPhoenix (Sky Harbor)
100%
United Airlines/United ExpressSan Francisco
100%
Alaska AirlinesSeattle/Tacoma
100%
Delta Connection/Southwest AirlinesWashington (National)
100%
Delta Air Lines/Southwest AirlinesAtlanta
75%
Allegiant Air/Southwest AirlinesAustin
75%
American Airlines/American EagleCharlotte
75%
Southwest AirlinesFort Lauderdale
75%
Frontier AirlinesFort Myers
75%
Allegiant Air/Frontier Airlines/Southwest AirlinesLas Vegas
75%
Allegiant Air/American EagleLos Angeles
75%
Southwest AirlinesNashville
75%
Southwest AirlinesSt. Louis
75%
Southwest AirlinesTampa
75%
Allegiant AirDestin/Fort Walton Beach
50%
Delta ConnectionSalt Lake City
50%
Allegiant AirPunta Gorda (FL)
25%
Allegiant AirSt. Petersburg/Clearwater
25%

Score Distribution

Percentile by Number Answered

Percent of People with Each Score

Your Score History

You have not taken this quiz since the last reset